000
00306nam a2200145Ia 4500
003
OSt
005
20240415105242.0
008
170523s9999 xx 000 0 und d
020
_a
NIL
040
_c
IIMTU MEERUT
100
_a
WELSH
245
0
_a
BUDGETING
260
_b
TATA MC GRAW HILL
942
_2
ddc
_c
02
999
_c
2003
_d
2003